<?xml version="1.0" encoding="UTF-8"?>
<record
    xmlns:xsi="http://www.w3.org/2001/XMLSchema-instance"
    xsi:schemaLocation="http://www.loc.gov/MARC21/slim http://www.loc.gov/standards/marcxml/schema/MARC21slim.xsd"
    xmlns="http://www.loc.gov/MARC21/slim">

  <leader>01031nam a2200241 a 4500</leader>
  <controlfield tag="001">BRCA_1624</controlfield>
  <controlfield tag="005">20190320203501.0</controlfield>
  <controlfield tag="008">270508s1996----it-a---###---#000-0#eng-#</controlfield>
  <datafield tag="020" ind1=" " ind2=" ">
    <subfield code="a">0892633492</subfield>
  </datafield>
  <datafield tag="050" ind1=" " ind2="4">
    <subfield code="a">ND613</subfield>
    <subfield code="b">.W55 1996</subfield>
  </datafield>
  <datafield tag="100" ind1="1" ind2=" ">
    <subfield code="a">Wilson, Carolyn C.</subfield>
    <subfield code="9">5082</subfield>
  </datafield>
  <datafield tag="245" ind1="1" ind2="0">
    <subfield code="a">Italian Paintings</subfield>
    <subfield code="b">XIV-XVI Centuries in the Museum of Fine Arts, Houston</subfield>
    <subfield code="c">Carolyn C. Wilson.</subfield>
  </datafield>
  <datafield tag="260" ind1=" " ind2=" ">
    <subfield code="a">Houston, Texas</subfield>
    <subfield code="b">The Museum of Fine Arts : Rice University : Merrell Holberton</subfield>
    <subfield code="c">1996</subfield>
  </datafield>
  <datafield tag="300" ind1=" " ind2=" ">
    <subfield code="a">416 p.</subfield>
    <subfield code="b">il. (algunas a color)</subfield>
    <subfield code="c">30 cm.</subfield>
  </datafield>
  <datafield tag="500" ind1=" " ind2=" ">
    <subfield code="a">Cat&#xE1;logo de la exposici&#xF3;n realizada en The Museum of Fine Arts (Houston), 1996</subfield>
  </datafield>
  <datafield tag="500" ind1=" " ind2=" ">
    <subfield code="a">Incluye ap&#xE9;ndice e &#xED;ndice alfab&#xE9;tico</subfield>
  </datafield>
  <datafield tag="610" ind1="2" ind2="4">
    <subfield code="a">Museum of Fine Arts</subfield>
    <subfield code="v">Cat&#xE1;logos</subfield>
    <subfield code="z">Houston, Texas (Estados Unidos)</subfield>
    <subfield code="9">5083</subfield>
  </datafield>
  <datafield tag="650" ind1="1" ind2="4">
    <subfield code="a">Pintura italiana</subfield>
    <subfield code="v">Cat&#xE1;logos</subfield>
    <subfield code="9">5084</subfield>
  </datafield>
  <datafield tag="650" ind1="1" ind2="4">
    <subfield code="a">Pintura g&#xF3;tica</subfield>
    <subfield code="v">Cat&#xE1;logos</subfield>
    <subfield code="z">Italia</subfield>
    <subfield code="9">5085</subfield>
  </datafield>
  <datafield tag="650" ind1="1" ind2="4">
    <subfield code="a">Pintura renacentista</subfield>
    <subfield code="v">Cat&#xE1;logos</subfield>
    <subfield code="z">Italia</subfield>
    <subfield code="9">5086</subfield>
  </datafield>
  <datafield tag="650" ind1="1" ind2="4">
    <subfield code="a">Pintura</subfield>
    <subfield code="v">Cat&#xE1;logos</subfield>
    <subfield code="z">Houston, Texas (Estados Unidos)</subfield>
    <subfield code="9">5087</subfield>
  </datafield>
  <datafield tag="942" ind1=" " ind2=" ">
    <subfield code="2">lcc</subfield>
    <subfield code="c">B</subfield>
  </datafield>
  <datafield tag="999" ind1=" " ind2=" ">
    <subfield code="c">1430</subfield>
    <subfield code="d">1430</subfield>
  </datafield>
  <datafield tag="952" ind1=" " ind2=" ">
    <subfield code="0">0</subfield>
    <subfield code="1">0</subfield>
    <subfield code="4">0</subfield>
    <subfield code="7">0</subfield>
    <subfield code="a">BRCA</subfield>
    <subfield code="b">BRCA</subfield>
    <subfield code="d">2008-06-26</subfield>
    <subfield code="l">0</subfield>
    <subfield code="o">ND613 .W55 1996</subfield>
    <subfield code="p">02179</subfield>
    <subfield code="r">2019-03-22 00:00:00</subfield>
    <subfield code="w">2019-03-22</subfield>
    <subfield code="y">B</subfield>
  </datafield>
</record>
